书目信息 |
| 题名: |
阿米巴经营
|
|
| 作者: | 冷湖 著 | |
| 分册: | ||
| 出版信息: | 北京 台海出版社 2019.5 |
|
| 页数: | 240页 | |
| 开本: | 21cm | |
| 丛书名: | ||
| 单 册: | ||
| 中图分类: | F279.313.3 | |
| 科图分类: | ||
| 主题词: | 企业管理--qi ye guan li--经验--日本--现代 | |
| 电子资源: | ||
| ISBN: | 978-7-5168-2248-7 | |
| 000 | 00969nam0 2200265 450 | |
| 001 | 2161419736 | |
| 005 | 20210928130734.0 | |
| 010 | @a978-7-5168-2248-7@dCNY35.80 | |
| 100 | @a20190613d2019 em y0chiy0120 ea | |
| 101 | 0 | @achi |
| 102 | @aCN@b110000 | |
| 105 | @ay z 000yy | |
| 106 | @ar | |
| 200 | 1 | @a阿米巴经营@Aa mi ba jing ying@e稻盛和夫的核心管理法@f冷湖著 |
| 210 | @a北京@c台海出版社@d2019.5 | |
| 215 | @a240页@d21cm | |
| 312 | @a封面英文题名:Amoeba management | |
| 330 | @a本书多角度讲解了阿米巴经营模式,解决了一系列亟待解决的问题,并分析了阿米巴经营模式在中国的应用“乱象”,以及如何正确推行阿米巴,旨在让经营者们探寻到企业的长盛不衰之道。 | |
| 510 | 1 | @aAmoeba management@zeng |
| 517 | 1 | @a稻盛和夫的核心管理法@Adao sheng he fu de he xin guan li fa |
| 606 | 0 | @a企业管理@Aqi ye guan li@x经验@y日本@z现代 |
| 690 | @aF279.313.3@v5 | |
| 701 | 0 | @a冷湖@Aleng hu@4著 |
| 801 | 0 | @aCN@b百万庄@c20210927 |
| 905 | @b1301981-84@dF279.313.3@e1754@f4 | |
| 阿米巴经营:稻盛和夫的核心管理法/冷湖著.-北京:台海出版社,2019.5 |
| 240页;21cm |
| ISBN 978-7-5168-2248-7:CNY35.80 |
| 本书多角度讲解了阿米巴经营模式,解决了一系列亟待解决的问题,并分析了阿米巴经营模式在中国的应用“乱象”,以及如何正确推行阿米巴,旨在让经营者们探寻到企业的长盛不衰之道。 |
| ● |
| 相关链接 |
|
|
|
|
正题名:阿米巴经营
索取号:F279.313.3/1754
 
预约/预借
| 序号 | 登录号 | 条形码 | 馆藏地/架位号 | 状态 | 备注 |
| 1 | 1301981 | 213019810 | 第一样本阅览室/ [索取号:F279.313.3/1754] | 在馆 | |
| 2 | 1301982 | 213019829 | 第一借阅区/ [索取号:F279.313.3/1754] | 在馆 | |
| 3 | 1301983 | 213019838 | 第一借阅区/ [索取号:F279.313.3/1754] | 在馆 | |
| 4 | 1301984 | 213019847 | 第一借阅区/ [索取号:F279.313.3/1754] | 在馆 |